002660000a220007300045001000025000002450080000253000058001057730029001631 aOrtiz Hurtado, Jaime10aThe evangelical option : Colombian leaders tell evangelicals, "we need you" aVol. 72, Num. 3 (Julio-Septiembre, 1993), Página 110 tLatin America Evangelist